000 00622cam a2200217 4500
001
008 000000n2000 000 0 eng u
020 _a1852639679
035 _a(Sirsi) u106707
050 _a658.99
110 _aConstruction Industry Publications
_93904
245 _aRisk assessment in construction guide.
260 _aBirmingham
_bConstruction Industry Publications
_c2000
300 _a48p.
_c23cm.
350 _a8.95
650 _aRISK MANAGEMENT
650 _aMANAGEMENT-PROJECT MANAGEMENT
650 _aCONSTRUCTION PROJECTS
690 _aBUILDING AND CONSTRUCTION-PROJECTS
942 _n0
999 _c100611
_d100611